[Event "Ruhrgebiet Verbandsliga Gruppe 1 1819"]
[Site "Nordrheinwestfalen"]
[Date "2019.01.20"]
[Round "5.8"]
[White "Heuver, Stefan"]
[Black "Dreesbach, Harald"]
[Result "1/2-1/2"]
[WhiteElo "1715"]
[BlackElo "1770"]
[PlyCount "56"]
[EventDate "2018.09.23"]
[EventType "team-tourn"]
[EventRounds "9"]
[EventCountry "GER"]
[SourceTitle "EXT 2022"]
[Source "ChessBase"]
[SourceDate "2021.10.06"]
[SourceVersion "1"]
[SourceVersionDate "2021.10.06"]
[SourceQuality "1"]
[WhiteTeam "Erkenschwick II"]
[BlackTeam "Ahlen SV"]
[WhiteTeamCountry "GER"]
[BlackTeamCountry "GER"]

1. e4 c5 2. Nc3 Nc6 3. g3 g6 4. Bg2 Bg7 5. d3 d6 6. Be3 e6 7. Qd2 Nge7 8. Bh6 Bf6 9. Nge2 Nd4 10. Nd1 Nxe2 11. Qxe2 Nc6 12. c3 Bd7 13. 0-0 Bg5 14. Bxg5 Qxg5 15. f4 Qe7 16. Ne3 0-0 17. Rae1 Rae8 18. Qd2 f6 19. f5 Nd8 20. fxe6 Bxe6 21. a3 Qd7 22. Rf2 Kg7 23. d4 b6 24. dxc5 dxc5 25. Rd1 Qxd2 26. Rfxd2 Nf7 27. Nd5 Bg4 28. Rf1 Ne5 1/2-1/2

[Event "NRW Verbandsklasse Group3 1314"]
[Site "Nordrheinwestfalen"]
[Date "2013.11.24"]
[Round "4.6"]
[White "Hater, Norbert"]
[Black "Heuver, Stefan"]
[Result "1-0"]
[WhiteElo "1908"]
[BlackElo "1654"]
[PlyCount "99"]
[EventDate "2013.09.08"]
[EventType "team-tourn"]
[EventRounds "9"]
[EventCountry "GER"]
[SourceTitle "EXT 2020"]
[Source "ChessBase"]
[SourceDate "2019.10.17"]
[SourceVersion "1"]
[SourceVersionDate "2019.10.17"]
[SourceQuality "1"]
[WhiteTeam "Hervest Dorsten"]
[BlackTeam "Erkenschwick II"]
[WhiteTeamCountry "GER"]
[BlackTeamCountry "GER"]

1. d4 g6 2. e4 Bg7 3. Nf3 d6 4. Bc4 Nf6 5. Nc3 Nc6 6. d5 Nb8 7. h3 0-0 8. 0-0 a6 9. Be3 b5 10. Bd3 c5 11. a3 Nbd7 12. Qd2 Re8 13. Bh6 Bh8 14. Ng5 c4 15. Be2 Nc5 16. Rad1 Rb8 17. f4 Qb6 18. Kh1 a5 19. e5 b4 20. axb4 axb4 21. Nb1 Nfe4 22. Qe3 Nxg5 23. Bxg5 Bf5 24. Bxc4 Bxc2 25. Rc1 b3 26. Nc3 Nd3 27. Qxb6 Rxb6 28. Bxd3 Bxd3 29. Rfe1 dxe5 30. fxe5 Bg7 31. Rcd1 Bc2 32. Rd4 h6 33. Bh4 g5 34. Bf2 Rd8 35. Rc4 Rb7 36. Rc6 f6 37. Bd4 fxe5 38. Bxe5 Rdd7 39. Rc8+ Kf7 40. Rf1+ Kg6 41. Rg8 e6 42. dxe6 Re7 43. Rxg7+ Rxg7 44. Bxg7 Kxg7 45. Nd5 Bg6 46. Rc1 Ra7 47. e7 Be8 48. Rf1 Rd7 49. Rf8 Bf7 50. Rd8 1-0

[Event "NRW Verbandsklasse Group3 1314"]
[Site "Nordrheinwestfalen"]
[Date "2013.09.08"]
[Round "1"]
[White "Loskarn, Peter"]
[Black "Heuver, Stefan"]
[Result "0-1"]
[WhiteElo "1739"]
[BlackElo "1654"]
[PlyCount "72"]
[EventDate "2013.09.08"]
[EventType "team-tourn"]
[EventRounds "9"]
[EventCountry "GER"]
[SourceTitle "EXT 2020"]
[Source "ChessBase"]
[SourceDate "2019.10.17"]
[SourceVersion "1"]
[SourceVersionDate "2019.10.17"]
[SourceQuality "1"]
[WhiteTeam "Wacker Bergeborbeck"]
[BlackTeam "Erkenschwick II"]
[WhiteTeamCountry "GER"]
[BlackTeamCountry "GER"]

1. e4 d6 2. d3 g6 3. Be2 Bg7 4. c3 c5 5. Be3 Nc6 6. Nd2 Nf6 7. h3 0-0 8. Ngf3 Nd7 9. g4 b5 10. Qc2 b4 11. cxb4 Nxb4 12. Qc1 Ba6 13. Nc4 Rb8 14. a3 Nc6 15. Bh6 Bxc4 16. Bxg7 Kxg7 17. Qc3+ f6 18. dxc4 Nde5 19. Nxe5 fxe5 20. 0-0 Qb6 21. Rab1 Qb3 22. Rfc1 Rb6 23. Bd1 Qxc3 24. bxc3 Rfb8 25. Rxb6 Rxb6 26. a4 Na5 27. Be2 Rb3 28. f3 Ra3 29. Kf2 Rxa4 30. Ke3 g5 31. Bd1 Nxc4+ 32. Kd3 Nb2+ 33. Kc2 Nxd1 34. Kb3 Nxc3 35. Rxc3 Rb4+ 36. Kc2 a5 0-1